000 00262nam a22001097a 4500
082 _a629.4 BUS'N
100 _aDEL, AUER R. D,BUSSARD, R. W
_957291
245 _aNUCLEAR ROCKET PROPULSION
260 _aNEWYORK
_bMCGRAW HILL
_c1958
300 _a370P
942 _cBK
999 _c567587
_d567587